00254nam a2200109Ia 4500008004100000100001800041245002500059250000800084260002600092300000800118650001800126191201s2005 xx 000 0 und d aKOPMEYER, M R 0aThoughts to Build On aRep aN.DelhibUBSPD,c2005 a322 aGeneral Books